000 01035nam a22002537a 4500
005 20110715140842.0
008 110715t xxu||||| |||| 00| 0 mar d
010 _aMAR-21083
020 _c300.00
035 _aMR-13741
037 _bDBAD/PUB
040 _aDPL
_bMR
082 _a891.463
100 _aकदम,बाबा
_929610
245 _aशाळा सुटली पाटी फुटली /
_cबाबा कदम
246 _aShala Sutali Pati Phutali
_bby Baba kadam
260 _aपुणे
_bदिलीपराज प्रकाशन
_c2008
270 _a251क,शनिवार पेठ
_bपुणे
_e411030
300 _a336पृ
_c18सेमी(सजिल्द)
650 _aमराठी कादंबरी
_929612
650 _aMarathi Fiction
_929613
942 _2ddc
_cMR
_h891.463
_mकदम
999 _c53932
_d53932